[Event "AUT-chT 1314"]
[Site "Austria"]
[Date "2014.03.22"]
[Round "10.4"]
[White "Brandner, Stefan"]
[Black "Buhmann, Rainer"]
[Result "0-1"]
[WhiteElo "2273"]
[BlackElo "2569"]
[PlyCount "56"]
[EventDate "2013.12.06"]
[EventType "team-tourn"]
[EventRounds "11"]
[EventCountry "AUT"]
[SourceTitle "EXT 2015"]
[Source "ChessBase"]
[SourceDate "2014.11.20"]
[SourceVersion "1"]
[SourceVersionDate "2014.11.20"]
[SourceQuality "1"]
[WhiteTeam "Baden Invest"]
[BlackTeam "Maria Saal"]
[WhiteTeamCountry "AUT"]
[BlackTeamCountry "AUT"]

1. e4 e6 2. d4 d5 3. Nd2 c5 4. exd5 Qxd5 5. Ngf3 cxd4 6. Bc4 Qd6 7. 0-0 Nf6 8. Nb3 Nc6 9. Nbxd4 Nxd4 10. Nxd4 Be7 11. b3 0-0 12. Bb2 Qf4 13. Qf3 Qxf3 14. Nxf3 b6 15. Ne5 Bb7 16. Rfd1 Rfd8 17. a4 Ne4 18. Bb5 Bc5 19. Nd3 Bd6 20. f3 Nf6 21. Bc4 Rac8 22. a5 bxa5 23. Rxa5 Bc7 24. Rg5 Ne8 25. Re1 g6 26. Kh1 Bb6 27. Ne5 Bd5 28. Ng4 Bxc4 0-1

[Event "AUT-chT 1213"]
[Site "Austria"]
[Date "2013.03.21"]
[Round "8.5"]
[White "Brandner, Stefan"]
[Black "Thiede, Lars"]
[Result "1-0"]
[WhiteElo "2271"]
[BlackElo "2441"]
[PlyCount "97"]
[EventDate "2012.11.02"]
[EventType "team-tourn"]
[EventRounds "11"]
[EventCountry "AUT"]
[SourceTitle "EXT 2014"]
[Source "ChessBase"]
[SourceDate "2013.11.20"]
[SourceVersion "1"]
[SourceVersionDate "2013.11.20"]
[SourceQuality "1"]
[WhiteTeam "Baden Invest"]
[BlackTeam "Wulkaprodersdorf"]
[WhiteTeamCountry "AUT"]
[BlackTeamCountry "AUT"]

1. g3 g6 2. Bg2 Bg7 3. e4 c5 4. c3 Nc6 5. Ne2 d6 6. 0-0 Nf6 7. d4 Bd7 8. h3 Qb6 9. Na3 0-0 10. f4 cxd4 11. cxd4 Nh5 12. Be3 Qxb2 13. Nc2 Rac8 14. Rb1 Qxa2 15. g4 Nf6 16. e5 Nd5 17. Bf2 Nd8 18. Be4 Bc6 19. Ra1 Qb3 20. Ra3 Qb6 21. f5 Qc7 22. Bg3 dxe5 23. dxe5 Ne3 24. Rxe3 Bxe4 25. Ncd4 Bd5 26. f6 Bh6 27. Rc3 Nc6 28. Nf5 gxf5 29. Qxd5 e6 30. Qg2 Kh8 31. gxf5 Qb6+ 32. Kh2 Nd4 33. Rxc8 Rxc8 34. Bf2 Rg8 35. Qe4 Qc6 36. Qxc6 Nxc6 37. fxe6 fxe6 38. Bc5 Rd8 39. Nf4 Nxe5 40. Nxe6 Rd2+ 41. Kh1 Nf7 42. Re1 Kg8 43. Nd4 Nd6 44. Re7 b6 45. Ne6 Rd1+ 46. Kg2 Rd2+ 47. Kf1 bxc5 48. f7+ Kh8 49. Re8+ 1-0

[Event "EU-Cup 27th"]
[Site "Rogaska Slatina"]
[Date "2011.09.29"]
[Round "5"]
[White "Brandner, Stefan"]
[Black "Hamdouchi, Hicham"]
[Result "0-1"]
[WhiteElo "2272"]
[BlackElo "2610"]
[PlyCount "68"]
[EventDate "2011.09.25"]
[EventType "team-swiss"]
[EventRounds "7"]
[EventCountry "SLO"]
[SourceTitle "CBM 145"]
[Source "ChessBase"]
[SourceDate "2011.11.11"]
[SourceVersion "1"]
[SourceVersionDate "2011.11.11"]
[SourceQuality "1"]
[WhiteTeam "Baden Invest"]
[BlackTeam "Taldea Gros Xake"]
[WhiteTeamCountry "AUT"]
[BlackTeamCountry "ESP"]

1. g3 d5 2. Bg2 Nf6 3. d3 c6 4. Nf3 Bf5 5. Nbd2 h6 6. b3 e6 7. Bb2 Be7 8. Ne5 0-0 9. e4 Bh7 10. Qe2 a5 11. a3 a4 12. 0-0 axb3 13. cxb3 Nbd7 14. f4 Nxe5 15. fxe5 Nd7 16. b4 Nb6 17. Rac1 Na4 18. Ba1 d4 19. Nc4 Qd7 20. Rc2 c5 21. bxc5 Bxc5 22. Qg4 Nc3 23. Rcf2 Ra7 24. h4 b5 25. Nd6 Bxd6 26. exd6 Qxd6 27. Bb2 f5 28. exf5 Bxf5 29. Qf3 Raf7 30. h5 Bh3 31. Bxh3 Rxf3 32. Rxf3 Rxf3 33. Rxf3 Kh7 34. Bg2 Qe5 0-1

[Event "AUT-chT2O 0910"]
[Site "Austria"]
[Date "2009.11.15"]
[Round "4.3"]
[White "Bozinovic, Boban"]
[Black "Brandner, Stefan"]
[Result "0-1"]
[WhiteElo "2104"]
[BlackElo "2283"]
[PlyCount "76"]
[EventDate "2009.10.17"]
[EventType "team-tourn"]
[EventRounds "11"]
[EventCountry "AUT"]
[SourceTitle "EXT 2010"]
[Source "ChessBase"]
[SourceDate "2010.11.25"]
[SourceVersion "1"]
[SourceVersionDate "2010.11.25"]
[SourceQuality "1"]
[WhiteTeam "Pamhagen"]
[BlackTeam "Baden Invest II"]
[WhiteTeamCountry "AUT"]
[BlackTeamCountry "AUT"]

1. d4 d5 2. Nf3 Nc6 3. Bf4 Bg4 4. e3 e6 5. c3 Nf6 6. Nbd2 Bd6 7. Bxd6 cxd6 8. h3 Bh5 9. Be2 0-0 10. 0-0 Ne4 11. Nxe4 dxe4 12. Nd2 Bxe2 13. Qxe2 f5 14. f3 d5 15. fxe4 dxe4 16. Rf2 Qg5 17. Raf1 Ne7 18. c4 Rad8 19. Qe1 Rf6 20. Re2 Qh5 21. Ref2 Ng6 22. b3 Nh4 23. Rf4 Rh6 24. R4f2 g5 25. Qd1 g4 26. Nxe4 fxe4 27. Qxg4+ Qxg4 28. hxg4 e5 29. d5 Rg6 30. Kh2 Rxg4 31. Kh3 h5 32. Rf7 Nxg2 33. Rxb7 Nxe3 34. Rff7 Ng2 35. Rxa7 Nf4+ 36. Kh2 e3 37. Rfe7 Rg2+ 38. Kh1 Rg5 0-1

[Event "AUT-chT2O 0910"]
[Site "Austria"]
[Date "2009.11.14"]
[Round "3.4"]
[White "Juenger, Heinz"]
[Black "Brandner, Stefan"]
[Result "1-0"]
[WhiteElo "2086"]
[BlackElo "2283"]
[PlyCount "94"]
[EventDate "2009.10.17"]
[EventType "team-tourn"]
[EventRounds "11"]
[EventCountry "AUT"]
[SourceTitle "EXT 2010"]
[Source "ChessBase"]
[SourceDate "2010.11.25"]
[SourceVersion "1"]
[SourceVersionDate "2010.11.25"]
[SourceQuality "1"]
[WhiteTeam "St Poelten"]
[BlackTeam "Baden Invest II"]
[WhiteTeamCountry "AUT"]
[BlackTeamCountry "AUT"]

1. d4 d5 2. c4 Nc6 3. cxd5 Qxd5 4. e3 e5 5. Nc3 Bb4 6. Bd2 Bxc3 7. Bxc3 exd4 8. Ne2 Nf6 9. Nxd4 0-0 10. Nb5 Qg5 11. h4 Qh6 12. Nxc7 Bg4 13. Qb3 Rad8 14. Qxb7 Ne4 15. Bb5 Rd6 16. Bxc6 Rxc6 17. Nd5 Re6 18. Bd4 Nd6 19. Qc7 Nf5 20. Qf4 Qh5 21. f3 Nxh4 22. Qxg4 Nxf3+ 23. gxf3 Qxh1+ 24. Kf2 Qh2+ 25. Qg2 Qh4+ 26. Qg3 Qxg3+ 27. Kxg3 Rc8 28. Nc3 a6 29. f4 Rb8 30. Ne2 Rb5 31. Rc1 h5 32. Rc5 Rg6+ 33. Kf3 Rxc5 34. Bxc5 h4 35. e4 h3 36. Bg1 Rg2 37. b4 f6 38. f5 Kf7 39. a4 Ke8 40. b5 axb5 41. axb5 Kd7 42. Bf2 Rg5 43. Bg3 g6 44. fxg6 Rxg6 45. Nf4 Rg5 46. Nd5 f5 47. e5 Rg4 1-0

[Event "AUT-chT2O 0809"]
[Site "Austria"]
[Date "2009.03.01"]
[Round "9.2"]
[White "Schneider Zinner, Harald"]
[Black "Brandner, Stefan"]
[Result "1/2-1/2"]
[WhiteElo "2394"]
[BlackElo "2296"]
[PlyCount "57"]
[EventDate "2008.10.03"]
[EventType "team-tourn"]
[EventRounds "11"]
[EventCountry "AUT"]
[SourceTitle "EXT 2010"]
[Source "ChessBase"]
[SourceDate "2010.11.25"]
[SourceVersion "1"]
[SourceVersionDate "2010.11.25"]
[SourceQuality "1"]
[WhiteTeam "Waehring"]
[BlackTeam "Baden II"]
[WhiteTeamCountry "AUT"]
[BlackTeamCountry "AUT"]

1. Nf3 Nc6 2. d4 d5 3. Bf4 Bg4 4. e3 e6 5. c4 Bb4+ 6. Nc3 Nf6 7. a3 Bxc3+ 8. bxc3 Ne4 9. Qc2 g5 10. Bg3 Bf5 11. Bd3 h5 12. cxd5 exd5 13. Ne5 Qf6 14. Nxc6 Qxc6 15. 0-0 Be6 16. Be5 f6 17. f3 fxe5 18. fxe4 0-0-0 19. exd5 Bxd5 20. c4 Bg8 21. Rab1 exd4 22. exd4 b6 23. d5 Qc5+ 24. Kh1 h4 25. h3 g4 26. hxg4 h3 27. g3 h2 28. Qf2 Qxa3 29. Qd4 1/2-1/2

[Event "AUT-chT2O 0809"]
[Site "Austria"]
[Date "2008.10.04"]
[Round "2.3"]
[White "Vass, Frantisek"]
[Black "Brandner, Stefan"]
[Result "1-0"]
[WhiteElo "2402"]
[BlackElo "2296"]
[PlyCount "81"]
[EventDate "2008.10.03"]
[EventType "team-tourn"]
[EventRounds "11"]
[EventCountry "AUT"]
[SourceTitle "EXT 2009"]
[Source "ChessBase"]
[SourceDate "2008.11.26"]
[SourceVersion "1"]
[SourceVersionDate "2008.11.26"]
[SourceQuality "1"]
[WhiteTeam "Lackenbach"]
[BlackTeam "Baden II"]
[WhiteTeamCountry "AUT"]
[BlackTeamCountry "AUT"]

1. d4 d5 2. Nf3 Nc6 3. e3 Bg4 4. c4 e6 5. Qb3 Bxf3 6. gxf3 Bb4+ 7. Bd2 Bxd2+ 8. Nxd2 Nge7 9. 0-0-0 0-0 10. Bd3 a5 11. Rhg1 Nb4 12. Bb1 dxc4 13. Nxc4 Nec6 14. h4 g6 15. h5 Qf6 16. a3 a4 17. Qc3 Nd5 18. Qd3 Na5 19. Nd2 Nb3+ 20. Nxb3 axb3 21. Rg3 c5 22. hxg6 fxg6 23. Rdg1 Ne7 24. Qxb3 cxd4 25. Be4 Nf5 26. Rh3 Rf7 27. Kb1 Rd8 28. Rgh1 Qe5 29. Ka2 dxe3 30. fxe3 Ng3 31. Rxg3 Qxg3 32. Qxe6 Qd6 33. Qc4 Qc7 34. Bd5 Qxc4+ 35. Bxc4 h5 36. Kb3 Rd2 37. Rc1 Rf2 38. f4 Rf3 39. Re1 Kg7 40. Bxf7 Kxf7 41. Kc4 1-0

[Event "AUT-chT2O 0708"]
[Site "Austria"]
[Date "2008.02.16"]
[Round "8.4"]
[White "Brandner, Stefan"]
[Black "Boros, Denes"]
[Result "1-0"]
[WhiteElo "2318"]
[BlackElo "2460"]
[PlyCount "87"]
[EventDate "2007.10.20"]
[EventType "team"]
[EventRounds "11"]
[EventCountry "AUT"]
[SourceTitle "EXT 2009"]
[Source "ChessBase"]
[SourceDate "2008.11.26"]
[SourceVersion "1"]
[SourceVersionDate "2008.11.26"]
[SourceQuality "1"]
[WhiteTeam "Baden"]
[BlackTeam "Wien Husek"]
[WhiteTeamCountry "AUT"]
[BlackTeamCountry "AUT"]

1. e4 c5 2. Nf3 d6 3. Bb5+ Bd7 4. Bxd7+ Nxd7 5. 0-0 e6 6. Nc3 Ngf6 7. d4 cxd4 8. Nxd4 a6 9. f4 Be7 10. Kh1 Rc8 11. Qf3 b5 12. a3 Qb6 13. Be3 Qb7 14. f5 e5 15. Nde2 a5 16. g4 h6 17. Ng3 Nb6 18. Bxb6 Qxb6 19. Nh5 Kf8 20. Nxf6 gxf6 21. Nd5 Qb7 22. c3 a4 23. Qe3 Rc4 24. Rf3 Kg7 25. Rg1 Bd8 26. Rh3 Rc5 27. Qf3 Bb6 28. Rg2 Rxd5 29. exd5 Qc8 30. Rh5 e4 31. Qf4 Qd8 32. g5 hxg5 33. Rgxg5+ fxg5 34. f6+ Qxf6 35. Rxg5+ Qxg5 36. Qxg5+ Kh7 37. Qh4+ Kg7 38. Qg3+ Kh7 39. Qxd6 Bf2 40. Qf4 e3 41. Qxf7+ Kh6 42. d6 Rh7 43. Qf6+ Kh5 44. d7 1-0

[Event "AUT-chT 0607"]
[Site "Austria"]
[Date "2007.01.18"]
[Round "4"]
[White "Brandner, Stefan"]
[Black "Atlas, Dimitry"]
[Result "0-1"]
[WhiteElo "2327"]
[BlackElo "2286"]
[PlyCount "74"]
[EventDate "2006.11.03"]
[EventType "team"]
[EventRounds "11"]
[EventCountry "AUT"]
[SourceTitle "EXT 2008"]
[Source "ChessBase"]
[SourceDate "2007.11.25"]
[SourceVersion "1"]
[SourceVersionDate "2007.11.25"]
[SourceQuality "1"]
[WhiteTeam "Baden"]
[BlackTeam "Hohenems"]
[WhiteTeamCountry "AUT"]
[BlackTeamCountry "AUT"]

1. e4 e6 2. d4 d5 3. Nd2 Nf6 4. e5 Nfd7 5. Bd3 c5 6. c3 Nc6 7. Ne2 cxd4 8. cxd4 f6 9. exf6 Nxf6 10. Nf3 Bd6 11. 0-0 Qc7 12. Bg5 0-0 13. Bh4 Nh5 14. Qc2 h6 15. Bh7+ Kh8 16. Bg6 Rxf3 17. gxf3 Bxh2+ 18. Kg2 Nf4+ 19. Nxf4 Qxf4 20. Bg3 Bxg3 21. fxg3 Qf6 22. Rac1 Bd7 23. Bh5 Nxd4 24. Qg6 Bc6 25. Rfe1 e5 26. Rc3 Nf5 27. Qxf6 gxf6 28. Bg4 Nd6 29. Be6 Nb5 30. Rc5 Rd8 31. Kf2 Nd4 32. Bh3 Kg7 33. b4 Kg6 34. Bf1 a6 35. Bh3 Re8 36. f4 e4 37. Ke3 Nf3 0-1

[Event "Vienna op-A 15th"]
[Site "Vienna"]
[Date "2006.08.06"]
[Round "9"]
[White "Wilke, Werner"]
[Black "Brandner, Stefan"]
[Result "1-0"]
[WhiteElo "2212"]
[BlackElo "2341"]
[PlyCount "77"]
[EventDate "2006.07.29"]
[EventType "swiss"]
[EventRounds "9"]
[EventCountry "AUT"]
[SourceTitle "CBM 113 Extra"]
[Source "ChessBase"]
[SourceDate "2006.09.14"]
[SourceVersion "1"]
[SourceVersionDate "2006.09.14"]
[SourceQuality "1"]

1. d4 d5 2. c4 Nc6 3. Nc3 e5 4. cxd5 Nxd4 5. Nf3 Nxf3+ 6. exf3 Nf6 7. Bb5+ Nd7 8. 0-0 Bd6 9. Ne4 0-0 10. Nxd6 cxd6 11. Be3 f5 12. f4 Qh4 13. Qd2 Nf6 14. g3 Qh3 15. Rfe1 b6 16. Bc6 Rb8 17. fxe5 dxe5 18. f4 Ng4 19. d6 Bb7 20. Bxb7 Rxb7 21. fxe5 Rd7 22. Bf4 g5 23. Bxg5 f4 24. Qg2 Qxg2+ 25. Kxg2 f3+ 26. Kh3 h5 27. Be7 Rc8 28. Rac1 Rxc1 29. Rxc1 Nxe5 30. Rc8+ Kf7 31. Rf8+ Ke6 32. Rf6+ Kd5 33. Rf5 Ke4 34. Rxh5 Ng6 35. Rh7 Kd3 36. Rf7 Ke2 37. g4 Ne5 38. Rf5 Nc4 39. Kg3 1-0

[Event "Vienna op-A 15th"]
[Site "Vienna"]
[Date "2006.08.03"]
[Round "6"]
[White "Brandner, Stefan"]
[Black "Steiner, Bruno"]
[Result "0-1"]
[WhiteElo "2341"]
[BlackElo "2253"]
[PlyCount "32"]
[EventDate "2006.07.29"]
[EventType "swiss"]
[EventRounds "9"]
[EventCountry "AUT"]
[SourceTitle "CBM 113 Extra"]
[Source "ChessBase"]
[SourceDate "2006.09.14"]
[SourceVersion "1"]
[SourceVersionDate "2006.09.14"]
[SourceQuality "1"]

1. e4 c5 2. d3 Nc6 3. g3 g6 4. Bg2 Bg7 5. f4 d6 6. Nf3 e5 7. 0-0 exf4 8. gxf4 Nge7 9. Nc3 0-0 10. Qe1 Rb8 11. Qh4 Nd4 12. f5 Nec6 13. f6 Bxf6 14. Ng5 h5 15. e5 dxe5 16. Bd5 Nf5 0-1

[Event "Vienna op-A 15th"]
[Site "Vienna"]
[Date "2006.08.01"]
[Round "4"]
[White "Brandner, Stefan"]
[Black "Timoscenko, Gennadij A"]
[Result "0-1"]
[WhiteElo "2341"]
[BlackElo "2494"]
[PlyCount "50"]
[EventDate "2006.07.29"]
[EventType "swiss"]
[EventRounds "9"]
[EventCountry "AUT"]
[SourceTitle "CBM 113 Extra"]
[Source "ChessBase"]
[SourceDate "2006.09.14"]
[SourceVersion "1"]
[SourceVersionDate "2006.09.14"]
[SourceQuality "1"]

1. e4 e5 2. Bc4 Nf6 3. d3 Nc6 4. Nc3 Na5 5. Nf3 d6 6. h3 Be7 7. g4 c6 8. Be3 0-0 9. g5 Ne8 10. Qd2 Nc7 11. Ne2 Nxc4 12. dxc4 f5 13. gxf6 Rxf6 14. Nh2 Bxh3 15. 0-0-0 Bg2 16. Rhg1 Bxe4 17. f4 Ne6 18. Ng3 Bg6 19. fxe5 dxe5 20. Ng4 Qxd2+ 21. Bxd2 Rff8 22. Nxe5 Be8 23. Ne4 Nd4 24. Rg2 Rf5 25. Rdg1 Rxe5 0-1

[Event "AUT-chT2O 0506"]
[Site "Austria"]
[Date "2006.02.26"]
[Round "9.6"]
[White "Pichler, Michael"]
[Black "Brandner, Stefan"]
[Result "0-1"]
[WhiteElo "2185"]
[BlackElo "2335"]
[PlyCount "78"]
[EventDate "2005.11.19"]
[EventType "team"]
[EventRounds "11"]
[EventCountry "AUT"]
[SourceTitle "EXT 2006"]
[Source "ChessBase"]
[SourceDate "2005.11.24"]
[SourceVersion "1"]
[SourceVersionDate "2005.11.24"]
[SourceQuality "1"]
[WhiteTeam "Eichgraben"]
[BlackTeam "Baden"]
[WhiteTeamCountry "AUT"]
[BlackTeamCountry "AUT"]

1. e4 e5 2. Nf3 Nc6 3. Nc3 Nf6 4. d4 exd4 5. Nxd4 Bb4 6. Nxc6 bxc6 7. Bd3 d5 8. exd5 cxd5 9. 0-0 0-0 10. Bg5 c6 11. Qf3 Bd6 12. Rfe1 Rb8 13. Na4 Rb4 14. b3 Rg4 15. Bxf6 Qxf6 16. Qxf6 gxf6 17. Rad1 Kh8 18. c4 Rfg8 19. g3 h5 20. cxd5 cxd5 21. Be2 R4g5 22. Bf3 Be6 23. Rd4 Kg7 24. Red1 Be5 25. Rh4 Kh6 26. Bg2 Rg4 27. Rxg4 hxg4 28. Bxd5 Rd8 29. Bf3 Rc8 30. Bd5 Rc2 31. Bxe6 fxe6 32. Kf1 Kg6 33. Re1 Rxa2 34. Nc5 Bd4 35. Nd3 e5 36. Re2 Ra1+ 37. Re1 Ra3 38. Rb1 Ra2 39. Re1 Rd2 0-1

[Event "AUT-chT2O 0506"]
[Site "Austria"]
[Date "2005.10.08"]
[Round "1.2"]
[White "Brandner, Stefan"]
[Black "Hangweyrer, Manfred"]
[Result "1-0"]
[WhiteElo "2335"]
[BlackElo "2332"]
[PlyCount "79"]
[EventDate "2005.11.19"]
[EventType "team"]
[EventRounds "11"]
[EventCountry "AUT"]
[SourceTitle "EXT 2006"]
[Source "ChessBase"]
[SourceDate "2005.11.24"]
[SourceVersion "1"]
[SourceVersionDate "2005.11.24"]
[SourceQuality "1"]
[WhiteTeam "Baden"]
[BlackTeam "Stockerau"]
[WhiteTeamCountry "AUT"]
[BlackTeamCountry "AUT"]

1. e4 d5 2. exd5 Nf6 3. d4 Bg4 4. Be2 Bxe2 5. Qxe2 Qxd5 6. Nf3 c6 7. 0-0 e6 8. c4 Qh5 9. Bf4 Nbd7 10. Nc3 Be7 11. Rad1 0-0 12. d5 Rae8 13. dxe6 Bd8 14. Ng5 Qxe2 15. Nxe2 fxe6 16. Bd6 Be7 17. Nxe6 Rf7 18. Ng3 Nb6 19. Ng5 Bxd6 20. Rxd6 Rfe7 21. b3 h6 22. Nf3 Ne4 23. Nxe4 Rxe4 24. Rdd1 Kf7 25. Rfe1 Rxe1+ 26. Rxe1 Rd8 27. h4 a5 28. g4 a4 29. Kg2 Kf6 30. Kg3 axb3 31. axb3 Rd3 32. Kf4 Nd7 33. Re3 Rxe3 34. Kxe3 g5 35. hxg5+ hxg5 36. Nd2 b6 37. Ne4+ Kg6 38. Kd4 Kh6 39. b4 Kg6 40. b5 1-0

[Event "AUT-ch qual"]
[Site "Gmunden"]
[Date "2005.08.15"]
[Round "3"]
[White "Ennsberger, Ulrich"]
[Black "Brandner, Stefan"]
[Result "0-1"]
[WhiteElo "2280"]
[BlackElo "2348"]
[PlyCount "94"]
[EventDate "2005.08.13"]
[EventType "swiss"]
[EventRounds "9"]
[EventCountry "AUT"]
[SourceTitle "CBM 107 Extra"]
[Source "ChessBase"]
[SourceDate "2005.09.01"]
[SourceVersion "1"]
[SourceVersionDate "2005.09.01"]
[SourceQuality "1"]

1. d4 d5 2. c4 Nc6 3. Nc3 e5 4. cxd5 Nxd4 5. Nf3 Nxf3+ 6. exf3 Nf6 7. Bb5+ Nd7 8. 0-0 Bd6 9. Ne4 0-0 10. Nxd6 cxd6 11. a4 f5 12. f4 a6 13. Bxd7 Bxd7 14. Qb3 b5 15. a5 Rc8 16. Be3 Rc4 17. Bb6 Qf6 18. fxe5 dxe5 19. Rad1 Qd6 20. Rfe1 f4 21. f3 Rfc8 22. Rd2 Bf5 23. Qd1 Rc2 24. Rde2 Rxe2 25. Qxe2 Qxd5 26. Qxe5 Qxe5 27. Rxe5 Rc1+ 28. Kf2 Bd3 29. g3 Rc2+ 30. Kg1 Rxb2 31. Re7 Rc2 32. gxf4 b4 33. Bd4 g6 34. Re3 Bc4 35. Be5 b3 36. Re4 Kf7 37. h4 h5 38. Bh8 Bd5 39. Rb4 Ke6 40. Be5 Kf5 41. Rb6 Bxf3 42. Rxb3 Kg4 43. Rb6 Be4 44. Rxa6 Kf3 45. f5 Rg2+ 46. Kh1 Kf2 47. Bd4+ Kf1 0-1

[Event "AUT-chT2O 0405"]
[Site "Austria"]
[Date "2005.01.30"]
[Round "6.3"]
[White "Plank, Franz"]
[Black "Brandner, Stefan"]
[Result "0-1"]
[WhiteElo "2305"]
[BlackElo "2316"]
[PlyCount "106"]
[EventDate "2004.10.09"]
[EventType "team-tourn"]
[EventRounds "11"]
[EventCountry "AUT"]
[SourceTitle "EXT 2005"]
[Source "ChessBase"]
[SourceDate "2004.11.15"]
[SourceVersion "1"]
[SourceVersionDate "2004.11.15"]
[SourceQuality "1"]
[WhiteTeam "Gols Raiba"]
[BlackTeam "Baden"]
[WhiteTeamCountry "AUT"]
[BlackTeamCountry "AUT"]

1. e4 e5 2. Nf3 Nc6 3. Bc4 Bc5 4. c3 Nf6 5. d3 d6 6. Bb3 h6 7. Nbd2 Bg4 8. Nf1 d5 9. Qe2 0-0 10. Ng3 Qd6 11. h3 Be6 12. 0-0 dxe4 13. Nxe4 Nxe4 14. dxe4 Bxb3 15. axb3 a5 16. Rd1 Qe6 17. Rd5 b6 18. Be3 Bd6 19. Nd2 f5 20. f3 fxe4 21. fxe4 Ne7 22. Rd3 Ng6 23. Nc4 Be7 24. Rdd1 Nf4 25. Qg4 Qxg4 26. hxg4 Bg5 27. Kh2 Ne6 28. Rf1 Rxf1 29. Rxf1 b5 30. Bxg5 bxc4 31. Be7 cxb3 32. Rd1 c5 33. Rd7 a4 34. Rb7 Re8 35. Bd6 Ng5 36. Bxc5 Nxe4 37. Be3 Nf6 38. Kg3 Rd8 39. Kf3 Rd1 40. g5 hxg5 41. Bxg5 Rb1 42. Ra7 Rxb2 43. Rxa4 Rc2 44. c4 Rc3+ 45. Ke2 Ne4 46. Be3 Nd6 47. Kd2 Rc2+ 48. Kd3 e4+ 49. Kd4 Rxc4+ 50. Rxc4 Nxc4 51. Bc1 b2 52. Bxb2 Nxb2 53. Kxe4 Kf7 0-1

[Event "AUT-ch"]
[Site "Hartberg"]
[Date "2004.07.27"]
[Round "4"]
[White "Brandner, Stefan"]
[Black "Schweda, Roland"]
[Result "1/2-1/2"]
[WhiteElo "2328"]
[BlackElo "2420"]
[PlyCount "61"]
[EventDate "2004.07.24"]
[EventType "swiss"]
[EventRounds "9"]
[EventCountry "AUT"]
[SourceTitle "CBM 101 Extra"]
[Source "ChessBase"]
[SourceDate "2004.09.01"]
[SourceVersion "2"]
[SourceVersionDate "2004.09.01"]
[SourceQuality "1"]

1. e4 c5 2. Nf3 d6 3. Bb5+ Bd7 4. Bxd7+ Qxd7 5. c4 Nc6 6. d4 cxd4 7. Nxd4 Nf6 8. Nc3 g6 9. f3 Bg7 10. Be3 0-0 11. 0-0 Rfc8 12. b3 Qd8 13. Qd2 a6 14. Rac1 Rab8 15. a4 Nd7 16. Nde2 Nc5 17. Rb1 Qf8 18. Rfd1 Nb4 19. Nd4 h5 20. Nd5 Nxd5 21. exd5 Kh7 22. a5 Rc7 23. Rdc1 e5 24. dxe6 Nxe6 25. Re1 Nxd4 26. Bxd4 Bxd4+ 27. Qxd4 b5 28. axb6 Rc6 29. Qf6 Rcxb6 30. Re7 R8b7 31. Rxb7 1/2-1/2

[Event "Vienna op 14th"]
[Site "Vienna"]
[Date "2003.08.20"]
[Round "5"]
[White "Kroencke, Manfred"]
[Black "Brandner, Stefan"]
[Result "1/2-1/2"]
[WhiteElo "2184"]
[BlackElo "2317"]
[PlyCount "161"]
[EventDate "2003.08.16"]
[EventType "swiss"]
[EventRounds "9"]
[EventCountry "AUT"]
[SourceTitle "CBM 095 Extra"]
[Source "ChessBase"]
[SourceDate "2003.09.04"]
[SourceVersion "1"]
[SourceVersionDate "2003.09.04"]
[SourceQuality "1"]

1. e4 e5 2. Nf3 Nc6 3. Nc3 Nf6 4. Bb5 Nd4 5. Bd3 Bc5 6. Nxd4 Bxd4 7. Ne2 Bb6 8. Ng3 d5 9. Qe2 Ng4 10. f3 Nf2 11. Rf1 Nxd3+ 12. Qxd3 Be6 13. b3 Qh4 14. Rh1 0-0-0 15. Bb2 Qe7 16. 0-0-0 f6 17. Qe2 d4 18. d3 Bc5 19. Nf1 Rd6 20. Nd2 Ra6 21. a4 Bb4 22. Rdf1 b5 23. axb5 Ra2 24. Kb1 Rxb2+ 25. Kxb2 Bc3+ 26. Ka2 Qb4 27. Nb1 Qa5+ 28. Na3 Bb4 29. Ra1 Bxa3 30. Kb1 Qb4 31. Qe1 Qxe1+ 32. Rxe1 Bb4 33. Rf1 Kb7 34. f4 Bd7 35. fxe5 fxe5 36. Ra4 Bc3 37. Rc4 Bxb5 38. Rc5 Kb6 39. Rxe5 a5 40. Ref5 Bb4 41. Kc1 Ra8 42. Kd1 a4 43. bxa4 Rxa4 44. Rf7 Ra1+ 45. Ke2 Ra2 46. Kd1 Ba4 47. R1f2 Ra1+ 48. Ke2 Bxc2 49. Rf1 Ra3 50. R1f3 Ra2 51. Rxg7 Bb3+ 52. Kf1 Ra1+ 53. Kf2 Be1+ 54. Ke2 Bd1+ 55. Kxe1 Bxf3+ 56. Kf2 Bd1 57. Rxh7 Ra2+ 58. Ke1 Bb3 59. Rg7 c5 60. h4 c4 61. dxc4 d3 62. Rd7 Bxc4 63. h5 Rxg2 64. h6 Re2+ 65. Kd1 Rxe4 66. h7 Rh4 67. Kd2 Rh2+ 68. Kc3 Bb5 69. Rg7 Ka5 70. Ra7+ Ba6 71. Rg7 Rc2+ 72. Kd4 Rh2 73. Kc3 Bb5 74. Ra7+ Kb6 75. Rg7 Kc5 76. Rg5+ Kc6 77. Rg6+ Kd5 78. Rg5+ Ke4 79. Rxb5 Rxh7 80. Rb8 Rc7+ 81. Kd2 1/2-1/2

[Event "Vienna op 14th"]
[Site "Vienna"]
[Date "2003.08.19"]
[Round "4"]
[White "Brandner, Stefan"]
[Black "Manik, Mikulas"]
[Result "0-1"]
[WhiteElo "2317"]
[BlackElo "2471"]
[PlyCount "38"]
[EventDate "2003.08.16"]
[EventType "swiss"]
[EventRounds "9"]
[EventCountry "AUT"]
[SourceTitle "CBM 095 Extra"]
[Source "ChessBase"]
[SourceDate "2003.09.04"]
[SourceVersion "1"]
[SourceVersionDate "2003.09.04"]
[SourceQuality "1"]

1. e4 c5 2. Nf3 e6 3. d3 Nc6 4. g3 d5 5. Nbd2 g6 6. Bg2 Bg7 7. 0-0 Nge7 8. Re1 b6 9. exd5 Nxd5 10. d4 cxd4 11. Nb3 Bb7 12. Nbxd4 Nde7 13. c3 Nxd4 14. cxd4 0-0 15. Bg5 h6 16. Bf4 Rc8 17. h4 Nf5 18. Qa4 Bxf3 19. Bxf3 Qxd4 0-1

[Event "Vienna op 14th"]
[Site "Vienna"]
[Date "2003.08.18"]
[Round "3"]
[White "Knoflicek, Ctibor"]
[Black "Brandner, Stefan"]
[Result "0-1"]
[WhiteElo "2175"]
[BlackElo "2317"]
[PlyCount "38"]
[EventDate "2003.08.16"]
[EventType "swiss"]
[EventRounds "9"]
[EventCountry "AUT"]
[SourceTitle "CBM 095 Extra"]
[Source "ChessBase"]
[SourceDate "2003.09.04"]
[SourceVersion "1"]
[SourceVersionDate "2003.09.04"]
[SourceQuality "1"]

1. c4 e5 2. Nc3 Nf6 3. Nf3 Nc6 4. g3 Bc5 5. Bg2 d6 6. 0-0 0-0 7. d3 Bf5 8. Bg5 h6 9. Bxf6 Qxf6 10. Nd2 Qg6 11. Nd5 Qh5 12. Ne4 Bxe4 13. Bxe4 f5 14. Bg2 f4 15. Nxc7 Nd4 16. Bd5+ Kh8 17. Kg2 fxg3 18. hxg3 Nxe2 19. Nxa8 Qg4 0-1